000107926 001__ 107926
000107926 005__ 20211108144123.0
000107926 037__ $$aTAZ-TFG-2021-3965
000107926 041__ $$aspa
000107926 1001_ $$aAzcona Sangüesa Sandra
000107926 24200 $$aVentilation systems and study of CO2 sensor monitoring in CIHEAM building
000107926 24500 $$aSistemas de ventilación y estudio de la monitorización por sensores de CO2 en edificio CIHEAM
000107926 260__ $$aZaragoza$$bUniversidad de Zaragoza$$c2021
000107926 506__ $$aby-nc-sa$$bCreative Commons$$c3.0$$uhttp://creativecommons.org/licenses/by-nc-sa/3.0/
000107926 520__ $$aPor medio del presente trabajo, se pretende, en primer lugar, realizar una revisión bibliográfica sobre la importancia de la calidad del aire interior y las exigencias establecidas por la normativa vigente actual; los diferentes sistemas de ventilación y las unidades de tratamiento de aire con los que llevar a cabo el acondicionamiento requerido. Además, con el fin de mejorar la eficiencia de los sistemas, se trata de desarrollar aquellas estrategias de ahorro energético; Entre ellas el freecooling, los recuperadores de calor, y la ventilación por demanda, profundizando en este último caso en el control por nivel de CO2.<br />A continuación, la segunda parte del trabajo, tiene como objetivo proporcionar una solución al edificio CIHEAM Zaragoza ante la carencia de un sistema de ventilación. Para ello se van a analizar las alternativas propuestas a partir del estudio de las necesidades de las aulas y el comportamiento de las mismas mediante medidores del nivel de CO2.<br /><br />
000107926 521__ $$aGraduado en Ingeniería Química
000107926 540__ $$aDerechos regulados por licencia Creative Commons
000107926 700__ $$aZalba Nonay, María Belén$$edir.
000107926 7102_ $$aUniversidad de Zaragoza$$bIngeniería Mecánica$$cMáquinas y Motores Térmicos
000107926 8560_ $$f746107@unizar.es
000107926 8564_ $$s8266655$$uhttps://zaguan.unizar.es/record/107926/files/TAZ-TFG-2021-3965.pdf$$yMemoria (spa)
000107926 909CO $$ooai:zaguan.unizar.es:107926$$pdriver$$ptrabajos-fin-grado
000107926 950__ $$a
000107926 951__ $$adeposita:2021-11-08
000107926 980__ $$aTAZ$$bTFG$$cEINA
000107926 999__ $$a20210923184722.CREATION_DATE